000 01508nam1a2200337 4500
001 RU\NLR\bibl\1302197
005 20241112123242.0
010 _a978-5-02-036243-7
035 _a(NLR Aleph) 001287767
090 _a539755
_c539755
100 _a20081203g20079999k y0rusy50 ca
101 0 _arus
_aoss
102 _aRU
105 _a||||e |||||
200 1 _aТолковый словарь осетинского языка
_dИрон ?взаджы ?мбарынг?н?н дзырдуат
_eв 4 т.
_fРос. акад. наук, Владикавказ. науч. центр, Юго-Осет. НИИ им. З.Н. Ванеева
_gпод общ. ред. Н.Я. Габараева
210 _aМосква
_cНаука
_d2007-
215 _d24
300 _aОбл. на осет. яз.
510 1 _aИрон ?взаджы ?мбарынг?н?н дзырдуат
_zoss
606 1 _aОсетинский язык
_xТолковые словари
_92532868
_3RU\NLR\AUTH\661500172
686 1 _aШ152.132.3-420
702 1 _aГабараев
_bН. Я.
_f1924-2014
_gНиколай Ясонович
_4340
712 0 2 _4570
_aЮго-Осетинский НИИ им. З. Н. Ванеева
_cЦхинвали
_9643313
_3RU\NLR\AUTH\8810070769
801 0 _aRU
_bNLR
_c20081203
_gRCR
801 1 _aRU
_bNLR
_c20081203
852 _aNLR
_bОНЛ
_jОсет./3-2312
942 _cBOOK
980 _aNB